ბათუმის შოთა რუსთაველის სახელმწიფო უნივერსიტეტის ბიბლიოთეკა

საკვების უსაფრთხოების ელემენტები : (ბიბ.ჩანაწერი № 36368)

000 -ლიდერი
ფიქსირებული სიგრძის საკონტროლო ველი 01710nam a2200253Ia 4500
001 - საკონტროლო ნომერი
საკონტროლო ველი 2280
003 - საკონტროლო ნომრის იდენტიფიკატორი
საკონტროლო ველი GE_BSU
005 - ბოლო ოპერაციის თარიღი და დრო
საკონტროლო ველი 20190502110328.0
008 - ფიქსირებული სიგრძის მონაცემთა ელემენტები - ზოგადი ინფორმაცია
ფიქსირებული სიგრძის საკონტროლო ველი 181216s2007||||ge |||||||||||||| ||geo||
020 ## - წიგნის საერთაშორისო სტანდარტული ნომერი
International Standard Book Number 9789941004452
040 ## - კატალოგიზაციის წყარო
Transcribing agency GE_BSU
041 ## - ენის კოდი
Language code of text/sound track or separate title geo
080 ## - უნივერსალური ათობითი კლასიფიკაციის ინდექსი
Universal Decimal Classification number 61(035) ს–19
245 ## - ცნობა სათაურის შესახებ
Title საკვების უსაფრთხოების ელემენტები :
Remainder of title არაგადამდებ დაავადებათა ინტეგრალური პრევენციისა და კონტროლის პოტენციალის გაძლიერება : საკვებზე დაფუძნებული დიეტური გზამკვლევის სადისემინაციო პაკეტი /
Statement of responsibility, etc შრომის, ჯანმრთელობისა და სოციალ. დაცვის სამინ. ; მონაწილეები: ლევან ბარამიძე [და სხვ.]
264 ## - წარმოების, გამოცემის, დისტრიბუციის და სხვა ცნობები
გამოცემის, წარმოების, დისტრიბუციის... ადგილი თბილისი :
გამოცემის, წარმოების, დისტრიბუციის... სახელწოდება შპს "სიტყვა",
გამოცემის, წარმოების, დისტრიბუციის... თარიღი 2007.
300 ## - ფიზიკური აღწერა
Extent 11გვ.;
Other physical details 29სმ.
653 ## - INDEX TERM--UNCONTROLLED
Uncontrolled term საკვები
653 ## - INDEX TERM--UNCONTROLLED
Uncontrolled term კვების ჰიგიენა
700 ## - ADDED ENTRY--PERSONAL NAME
Personal name ბარამიძე, ლევან
Relator term ავტორი
9 (RLIN) 623
700 ## - ADDED ENTRY--PERSONAL NAME
Personal name ლილუაშვილი, კონსტანტინე
Relator term ავტორი
9 (RLIN) 624
700 ## - ADDED ENTRY--PERSONAL NAME
Personal name თათარაძე, რევაზ და სხვ.
Relator term ავტორი
9 (RLIN) 625
710 ## - ADDED ENTRY--CORPORATE NAME
Corporate name or jurisdiction name as entry element შრომის, ჯანმრთელობისა და სოც. დაცვის სამინისტრო
9 (RLIN) 626
942 ## - ADDED ENTRY ELEMENTS (KOHA)
Koha item type წიგნი
Source of classification or shelving scheme
ეგზემპლარები
ჩამოწერის სტატუსი დაკარგული ეგზემპლარის სტატუსი კლასიფიკაციის წყარო ან თაროზე გაწყობის სქემა დაზიანების სტატუსი არ გაიცემა მუდმივი მდებარეობა (დაცვის ადგილი) ამჟამინდელი ადგილსამყოფელი თაროზე განთავსების ადგილი შეძენის თარიღი ღირებულება, შესყიდვის ნორმალური ფასი სრული შენახვის შიფრი შტრიხკოდი ბოლო ოპერაციის თარიღი ეგზემპლარის მიმდევრობითი ნომერი (კეტერი?) ფასის ძალაში შესვლის თარიღი ეგზემპლარის სახეობა საჯარო შენიშვნა
          ბათუმის შოთა რუსთაველის სახელმწიფო უნივერსიტეტის მთავარი ბიბლიოთეკა ბათუმის შოთა რუსთაველის სახელმწიფო უნივერსიტეტის მთავარი ბიბლიოთეკა წიგნსაცავი 2018-12-17 20.00 61(035) ს–19 4069 2018-12-17 4069 2018-12-17 წიგნი 20 ლ.
          ბათუმის შოთა რუსთაველის სახელმწიფო უნივერსიტეტის მთავარი ბიბლიოთეკა ბათუმის შოთა რუსთაველის სახელმწიფო უნივერსიტეტის მთავარი ბიბლიოთეკა წიგნსაცავი 2018-12-17 20.00 61(035) ს–19 4068 2018-12-17 4068 2018-12-17 წიგნი 20 ლ.